| 000 | 01442cam a22003137a 4500 | ||
|---|---|---|---|
| 001 | 2623 | ||
| 005 | 20240105122550.0 | ||
| 020 | _a9780545329002 | ||
| 020 | _a0545329000 | ||
| 040 |
_aXY4 _cXY4 _dDLC _beng |
||
| 050 | 0 | 0 |
_aPZ7.K85656 _bLo 2011 |
| 082 | 0 | 4 |
_a813.6 _222 |
| 100 | 1 | _aKowitt, H. N. | |
| 245 | 1 | 4 |
_aThe loser list / _cwritten and illustrated by H.N. Kowitt |
| 250 | _aThis edition first printing, January 2011 | ||
| 260 |
_aNew York : _bScholastic Press, _c2011 |
||
| 300 |
_a213 pages : _billustrations ; _c19 cm |
||
| 500 | _a"This edition is available for distribution only through the school market"--p. [4] of cover. | ||
| 505 | _aH | ||
| 520 | _aWhen Danny gets caught trying to cross his name off the "Geek" list in the girls' bathroom, he's sent to detention. Bullies torment him mercilessly -- until they discover that Danny can draw. He enjoys his new "bad boy" status, supplying tattoos and graffiti, until he's unknowingly drawn into a theft. Turns out the bullies took a comic book from Danny's favorite store. Can he steal it back before they get caught -- and break off with the bullies before he gets in too deep? | ||
| 521 |
_a480 _bLexile |
||
| 521 |
_aH _bRaz-Plus |
||
| 650 | 0 |
_aTheft _vJuvenile fiction. |
|
| 650 | 0 |
_aPopularity _vJuvenile fiction. |
|
| 650 | 1 |
_aStealing _vFiction. |
|
| 650 | 1 |
_aPopularity _vFiction. |
|
| 906 |
_a7 _bcbc _ccopycat _d2 _encip _f20 _gy-gencatlg |
||
| 942 |
_2ddc _cBK _n0 |
||
| 999 |
_c2623 _d2623 |
||